000
00285 a2200109 4500
000
nam a22 7a 4500
005
20260312101713.0
100
_a
Mucciolo, Eduardo R
_9
1131741
245
_a
Introduction to quantum information processing
260
_b
CRC Press
_c
2026
942
_c
AUD
999
_c
1715170
_d
1715170